000 00474nam a22001817a 4500
003 NUST - PNEC
005 20170116181153.0
008 151207b xxu||||| |||| 00| 0 eng d
020 _a-
040 _cLIBRARY
082 _a665.53 HEN
100 _915612
_aHengstebeck, R. J.
245 _aPetroleum processing; principles and applications.
_cR. J.Hengstebeck
250 _a-
260 _cc 1959
650 _915613
_aPetroleum--Refining
_xGeneral
942 _2ddc
_cBK
999 _c71050
_d71050